Optical physics / (Record no. 54789)
[ view plain ]
| 000 -LEADER | |
|---|---|
| fixed length control field | 00725nam a2200253 a 4500 |
| 001 - CONTROL NUMBER | |
| control field | 54789 |
| 003 - CONTROL NUMBER IDENTIFIER | |
| rucl marc code | BD-RjUL |
| 005 - DATE AND TIME OF LATEST TRANSACTION | |
| control field | 20211209080153.0 |
| 008 - FIXED-LENGTH DATA ELEMENTS--GENERAL INFORMATION | |
| fixed length control field | 161110s1969 e ||||| |||| 00| 0 eng d |
| 035 ## - SYSTEM CONTROL NUMBER | |
| System control number | (BD-RjUL)54911 |
| 040 ## - CATALOGING SOURCE | |
| Original cataloging agency | BD-RjUL |
| Language of cataloging | eng |
| Transcribing agency | BD-RjUL |
| 041 ## - LANGUAGE CODE | |
| Language code of text/sound track or separate title | eng |
| 082 ## - DEWEY DECIMAL CLASSIFICATION NUMBER | |
| Edition number | 23 |
| Classification number | 535.2 |
| Author mark and year | LIO 1969 |
| 100 1# - MAIN ENTRY--PERSONAL NAME | |
| Personal name | Lipson, S. G |
| 9 (RLIN) | 163331 |
| 245 10 - TITLE STATEMENT | |
| Title | Optical physics / |
| Statement of responsibility, etc. | S. G. Lipson and H. Lipson |
| 260 ## - PUBLICATION, DISTRIBUTION, ETC. (IMPRINT) | |
| Place of publication, distribution, etc. | London : |
| Name of publisher, distributor, etc. | Cambridge U.P., |
| Date of publication, distribution, etc. | 1969. |
| 300 ## - PHYSICAL DESCRIPTION | |
| Pagination | xiii, 494 p. : |
| Illustrations | ill. ; |
| Size | 23 cm |
| 504 ## - BIBLIOGRAPHY, ETC. NOTE | |
| Bibliography, etc | Includes Bibliographical References and Index |
| 650 ## - SUBJECT ADDED ENTRY--TOPICAL TERM | |
| Topical term or geographic name as entry element | Physical optics. |
| 9 (RLIN) | 125859 |
| Topical term or geographic name as entry element | Optics |
| 9 (RLIN) | 163332 |
| Topical term or geographic name as entry element | Diffraction |
| 9 (RLIN) | 156653 |
| 700 ## - ADDED ENTRY--PERSONAL NAME | |
| Personal name | Lipson, H. |
| 942 ## - ADDED ENTRY ELEMENTS (KOHA) | |
| Source of classification or shelving scheme | Dewey Decimal Classification |
| Koha item type | Books |
| Lost status | Source of classification or shelving scheme | Damaged status | Not for loan | Collection code | Permanent Location | Current Location | Shelving location | Date acquired | Source of acquisition | Cost, normal purchase price | Total Checkouts | Full call number | Date last seen | Copy number | Koha item type |
|---|---|---|---|---|---|---|---|---|---|---|---|---|---|---|---|
| Dewey Decimal Classification | Non-fiction | Central Library, University of Rajshahi | Central Library, University of Rajshahi | 30/08/1971 | Zeitlinger | 75.00 | 535.2 LIO 1969 | 10/11/2016 | C-2 | Books | |||||
| Dewey Decimal Classification | Not For Loan | Non-fiction | Central Library, University of Rajshahi | Central Library, University of Rajshahi | Reading Room | 30/08/1971 | Zeitlinger | 75.00 | 535.2 LIO 1969 | 08/05/2017 | C-1 | Books | |||
| Dewey Decimal Classification | Non-fiction | Central Library, University of Rajshahi | Central Library, University of Rajshahi | 30/08/1971 | Zeitlinger | 75.00 | 535.2 LIO 1969 | 25/05/2017 | C-3 | Books |